<?xml version="1.0" encoding="UTF-8"?>
<record
    xmlns:xsi="http://www.w3.org/2001/XMLSchema-instance"
    xsi:schemaLocation="http://www.loc.gov/MARC21/slim http://www.loc.gov/standards/marcxml/schema/MARC21slim.xsd"
    xmlns="http://www.loc.gov/MARC21/slim">

  <leader>01365nam a2200325 u 4500</leader>
  <controlfield tag="001">559244</controlfield>
  <controlfield tag="005">20260506083212.0</controlfield>
  <controlfield tag="008">991027s1998                        spa  </controlfield>
  <datafield tag="020" ind1=" " ind2=" ">
    <subfield code="a">9806401263</subfield>
  </datafield>
  <datafield tag="035" ind1=" " ind2=" ">
    <subfield code="a">559244</subfield>
  </datafield>
  <datafield tag="035" ind1=" " ind2=" ">
    <subfield code="a">(OCoLC)665146433</subfield>
  </datafield>
  <datafield tag="040" ind1=" " ind2=" ">
    <subfield code="c">comduadb</subfield>
  </datafield>
  <datafield tag="041" ind1=" " ind2=" ">
    <subfield code="a">spa</subfield>
  </datafield>
  <datafield tag="082" ind1=" " ind2="4">
    <subfield code="a">149</subfield>
  </datafield>
  <datafield tag="100" ind1="1" ind2="0">
    <subfield code="a">Mayz Vallenilla, Ernesto,</subfield>
    <subfield code="d">1925-2015</subfield>
    <subfield code="4">aut</subfield>
    <subfield code="0">(isni)0000 0000 8379 2816</subfield>
    <subfield code="0">(viaf)46768929</subfield>
    <subfield code="e">aut</subfield>
    <subfield code="9">505316</subfield>
  </datafield>
  <datafield tag="245" ind1="1" ind2="0">
    <subfield code="a">Invitaci&#xF3;n al pensar del siglo XXI</subfield>
  </datafield>
  <datafield tag="250" ind1=" " ind2=" ">
    <subfield code="a">1. edici&#xF3;n</subfield>
  </datafield>
  <datafield tag="260" ind1=" " ind2=" ">
    <subfield code="a">Venezuela :</subfield>
    <subfield code="b">Monte &#xC1;vila Editores Latinoamericana,</subfield>
    <subfield code="c">1998.</subfield>
  </datafield>
  <datafield tag="300" ind1=" " ind2=" ">
    <subfield code="a">432 p&#xE1;ginas.</subfield>
  </datafield>
  <datafield tag="505" ind1=" " ind2=" ">
    <subfield code="a">CONTENIDO : Pr&#xF3;logo. -- 1: Abismo y caos. -- 2: Sabidur&#xED;a, conocimiento, inteligencia. -- 3: La responsabilidad del fil&#xF3;sofo en tiempos de crisis. -- 4: &#xC9;tica, medios de comunicaci&#xF3;n y responsabilidad social. -- 5: Ecolog&#xED;a y meta-t&#xE9;cnica. -- 6: La &#xE9;tica kantiana y la trasmutaci&#xF3;n de a raz&#xF3;n. -- 7: La educaci&#xF3;n superior, perplejidades y retos. -- Cronolog&#xED;a de las conferencias.</subfield>
  </datafield>
  <datafield tag="650" ind1=" " ind2="7">
    <subfield code="a">Sabidur&#xED;a</subfield>
    <subfield code="2">lemb</subfield>
    <subfield code="9">10290</subfield>
  </datafield>
  <datafield tag="650" ind1=" " ind2="7">
    <subfield code="a">&#xC9;tica</subfield>
    <subfield code="2">lemb</subfield>
    <subfield code="9">4694</subfield>
  </datafield>
  <datafield tag="650" ind1=" " ind2="7">
    <subfield code="a">Ecolog&#xED;a</subfield>
    <subfield code="2">lemb</subfield>
    <subfield code="9">482</subfield>
  </datafield>
  <datafield tag="650" ind1=" " ind2="7">
    <subfield code="a">Responsabilidad social</subfield>
    <subfield code="2"></subfield>
    <subfield code="9">18317</subfield>
  </datafield>
  <datafield tag="650" ind1=" " ind2="7">
    <subfield code="a">Educaci&#xF3;n superior</subfield>
    <subfield code="2">lemb</subfield>
    <subfield code="9">1957</subfield>
  </datafield>
  <datafield tag="650" ind1=" " ind2=" ">
    <subfield code="a">Filosof&#xED;a kantiana</subfield>
    <subfield code="9">11403</subfield>
  </datafield>
  <datafield tag="650" ind1=" " ind2=" ">
    <subfield code="a">Meta - T&#xE9;cnica</subfield>
    <subfield code="9">21740</subfield>
  </datafield>
  <datafield tag="650" ind1=" " ind2=" ">
    <subfield code="a">Racionalidad</subfield>
    <subfield code="9">42813</subfield>
  </datafield>
  <datafield tag="942" ind1=" " ind2=" ">
    <subfield code="c">BOOK</subfield>
  </datafield>
  <datafield tag="999" ind1=" " ind2=" ">
    <subfield code="c">130574</subfield>
    <subfield code="d">130574</subfield>
  </datafield>
  <datafield tag="952" ind1=" " ind2=" ">
    <subfield code="0">0</subfield>
    <subfield code="1">0</subfield>
    <subfield code="4">0</subfield>
    <subfield code="7">0</subfield>
    <subfield code="8">SEMIACTIVA</subfield>
    <subfield code="a">BC</subfield>
    <subfield code="b">BC</subfield>
    <subfield code="d">1999-10-27</subfield>
    <subfield code="e">Otros proveedores</subfield>
    <subfield code="g">22800.00</subfield>
    <subfield code="i">C611306</subfield>
    <subfield code="l">0</subfield>
    <subfield code="o">149.7 M474i</subfield>
    <subfield code="p">6-10000003141043</subfield>
    <subfield code="r">2023-04-22 00:00:00</subfield>
    <subfield code="t">1</subfield>
    <subfield code="w">2023-04-22</subfield>
    <subfield code="y">BOOK</subfield>
  </datafield>
</record>
